[Event "GRE-ch 58th"]
[Site "Rhodes"]
[Date "2008.12.09"]
[Round "10"]
[White "Papaioannou, Ioannis"]
[Black "Dagkakis, Panagiotis"]
[Result "1-0"]
[WhiteElo "2597"]
[BlackElo "2272"]
[PlyCount "87"]
[EventDate "2008.11.30"]
[EventType "tourn"]
[EventRounds "11"]
[EventCountry "GRE"]
[EventCategory "8"]
[SourceTitle "CBM 127 Extra"]
[Source "ChessBase"]
[SourceDate "2009.01.08"]
[SourceVersion "2"]
[SourceVersionDate "2009.01.28"]
[SourceQuality "1"]

1. d4 Nf6 2. c4 e6 3. g3 c5 4. Nf3 cxd4 5. Nxd4 Nc6 6. Bg2 Bb4+ 7. Nc3 0-0 8. 0-0 a6 9. Bf4 Nh5 10. Nxc6 bxc6 11. Bd6 Bxd6 12. Qxd6 f5 13. Rfd1 Qf6 14. f4 g5 15. e3 Ng7 16. Na4 Ne8 17. Qe5 Qxe5 18. fxe5 Ng7 19. Bf3 Kf7 20. Rd3 Ke7 21. Rad1 Ra7 22. Nc5 Ne8 23. Kf2 Ng7 24. Rb3 Ne8 25. Rb8 Ng7 26. Ke2 Rh8 27. Rd2 Kd8 28. Rb3 Ke7 29. Ke1 Ne8 30. Rbd3 Ng7 31. b4 Rf8 32. Ra3 Rc7 33. Ra5 Ne8 34. Nxa6 Bxa6 35. Rxa6 Ng7 36. a4 Rb8 37. b5 cxb5 38. cxb5 Rc3 39. Kf2 Ne8 40. b6 Rb3 41. a5 Rb5 42. Ra7 Rxe5 43. Raxd7+ Kf6 44. Rd8 1-0

[Event "GRE-ch 58th"]
[Site "Rhodes"]
[Date "2008.12.02"]
[Round "3"]
[White "Papadopoulos, Ioannis K"]
[Black "Dagkakis, Panagiotis"]
[Result "1-0"]
[WhiteElo "2452"]
[BlackElo "2272"]
[PlyCount "129"]
[EventDate "2008.11.30"]
[EventType "tourn"]
[EventRounds "11"]
[EventCountry "GRE"]
[EventCategory "8"]
[SourceTitle "CBM 127 Extra"]
[Source "ChessBase"]
[SourceDate "2009.01.08"]
[SourceVersion "2"]
[SourceVersionDate "2009.01.28"]
[SourceQuality "1"]

1. e4 e5 2. Nf3 Nc6 3. Bb5 a6 4. Bxc6 dxc6 5. 0-0 Bd6 6. d4 exd4 7. Qxd4 f6 8. Be3 Ne7 9. Nbd2 Be6 10. Ne1 0-0 11. f4 c5 12. Qd3 Nc6 13. Nef3 Qe7 14. c4 Rad8 15. Qc3 Qe8 16. Rae1 Qh5 17. Rf2 Rfe8 18. h3 Bf8 19. a3 b6 20. Nf1 Qf7 21. N1d2 Qd7 22. f5 Bf7 23. Bf4 Bd6 24. Qe3 Bxf4 25. Qxf4 Qd6 26. Qh4 Qd3 27. Rfe2 Nd4 28. Nxd4 Qxd4+ 29. Kh1 Bxc4 30. Nf3 Qd7 31. Re3 Bf7 32. Qf4 Qd6 33. e5 fxe5 34. Nxe5 Bd5 35. Qg5 Qf6 36. Qf4 Rf8 37. Ng4 Qxb2 38. Rg3 Kh8 39. Qxc7 Rde8 40. Rxe8 Rxe8 41. f6 gxf6 42. Ne3 Bxg2+ 43. Rxg2 Qb1+ 44. Kh2 Rg8 45. Rxg8+ Kxg8 46. Qc8+ Kf7 47. Qd7+ Kg6 48. Qg4+ Kf7 49. Qc4+ Kf8 50. Qxa6 Qb2+ 51. Kg1 Qd4 52. Qc8+ Kf7 53. Qb7+ Kg6 54. Qg2+ Kf7 55. Qd5+ Qxd5 56. Nxd5 b5 57. Kf2 Kg6 58. Nc7 Kf5 59. Nxb5 Ke5 60. a4 Kd5 61. a5 Kc6 62. a6 f5 63. a7 Kb7 64. Kf3 c4 65. Kf4 1-0

[Event "GRE-ch 58th"]
[Site "Rhodes"]
[Date "2008.12.01"]
[Round "2"]
[White "Dagkakis, Panagiotis"]
[Black "Darmarakis, Mihail"]
[Result "1/2-1/2"]
[WhiteElo "2272"]
[BlackElo "2194"]
[PlyCount "121"]
[EventDate "2008.11.30"]
[EventType "tourn"]
[EventRounds "11"]
[EventCountry "GRE"]
[EventCategory "8"]
[SourceTitle "CBM 127 Extra"]
[Source "ChessBase"]
[SourceDate "2009.01.08"]
[SourceVersion "2"]
[SourceVersionDate "2009.01.28"]
[SourceQuality "1"]

1. Nf3 d5 2. g3 c6 3. Bg2 Nf6 4. 0-0 Bf5 5. d3 e6 6. Nbd2 h6 7. b3 Be7 8. Bb2 0-0 9. e3 a5 10. a3 Bh7 11. Qe2 c5 12. e4 Nc6 13. Rfd1 Qb6 14. Rab1 Qa6 15. Re1 a4 16. Rbc1 b5 17. exd5 Nxd5 18. Ne4 Rfc8 19. c4 Nb6 20. d4 Nxd4 21. Nxd4 cxd4 22. cxb5 Qa7 23. Bxd4 axb3 24. Qe3 Rxc1 25. Rxc1 Qxa3 26. Bxb6 b2 27. Qxa3 Bxa3 28. Rd1 Rb8 29. Bd4 Rxb5 30. Nc3 b1Q 31. Nxb1 Bxb1 32. Bf3 Bf5 33. g4 Bg6 34. h4 f5 35. Re1 Kf7 36. Bc6 Rb4 37. h5 Bh7 38. Rd1 Rc4 39. Bb5 Rc1 40. Rxc1 Bxc1 41. Bd3 Bf4 42. Bc5 Kf6 43. Bf8 Bg8 44. f3 Bf7 45. Bb5 fxg4 46. fxg4 e5 47. Bc6 Be6 48. Bf3 e4 49. Bxe4 Bxg4 50. Bg6 Be5 51. Kg2 Kg5 52. Be7+ Bf6 53. Bf8 Be5 54. Be7+ Kf4 55. Bc5 Bf3+ 56. Kf1 Kg3 57. Bf2+ Kh2 58. Bc5 Bd5 59. Kf2 Bg3+ 60. Ke2 Be5 61. Kf2 1/2-1/2

[Event "GRE-ch 58th"]
[Site "Rhodes"]
[Date "2008.11.30"]
[Round "1"]
[White "Gavrilakis, Nikolaos"]
[Black "Dagkakis, Panagiotis"]
[Result "1-0"]
[WhiteElo "2426"]
[BlackElo "2272"]
[PlyCount "119"]
[EventDate "2008.11.30"]
[EventType "tourn"]
[EventRounds "11"]
[EventCountry "GRE"]
[EventCategory "8"]
[SourceTitle "CBM 127 Extra"]
[Source "ChessBase"]
[SourceDate "2009.01.08"]
[SourceVersion "2"]
[SourceVersionDate "2009.01.28"]
[SourceQuality "1"]

1. e4 e5 2. Nf3 Nc6 3. Bb5 Nf6 4. 0-0 Bc5 5. Nxe5 Nxe5 6. d4 a6 7. Be2 Be7 8. dxe5 Nxe4 9. c4 0-0 10. Qc2 f5 11. Bf3 d6 12. Nc3 Nc5 13. Rd1 Qe8 14. Nd5 Ne6 15. Nxe7+ Qxe7 16. exd6 cxd6 17. b3 Nd4 18. Bd5+ Be6 19. Rxd4 Bxd5 20. Bf4 Bc6 21. Qd2 Rfe8 22. Bxd6 Qe2 23. Rd1 Rad8 24. f3 Re6 25. Qxe2 Rxe2 26. R4d2 Rde8 27. Bf4 Kf7 28. Kf1 R2e6 29. Kf2 Kf6 30. Bc7 g5 31. f4 g4 32. Be5+ Kg6 33. b4 h5 34. Kg3 Ba4 35. Rc1 Rc8 36. Rc3 Bc6 37. Kh4 Be8 38. c5 Bc6 39. Rcd3 Bb5 40. Rd8 Rxd8 41. Rxd8 Be8 42. a3 Kh6 43. Rb8 Re7 44. Kg3 Bc6 45. Rf8 Be4 46. Rf6+ Kh7 47. Kh4 Bxg2 48. Rxf5 Bf3 49. Rxh5+ Kg8 50. Kg5 Kf7 51. Rh7+ Ke8 52. Rxe7+ Kxe7 53. Kf5 Bd1 54. Bf6+ Kf7 55. Ke5 Bf3 56. Bh4 Bc6 57. f5 Bf3 58. Kd6 Be4 59. f6 Bc6 60. Kc7 1-0

[Event "Kavala op 17th"]
[Site "Kavala"]
[Date "2008.07.31"]
[Round "1"]
[White "Deviatkin, Andrei"]
[Black "Dagkakis, Panagiotis"]
[Result "1-0"]
[WhiteElo "2567"]
[BlackElo "2244"]
[PlyCount "75"]
[EventDate "2008.07.31"]
[EventType "swiss"]
[EventRounds "9"]
[EventCountry "GRE"]
[SourceTitle "CBM 125 Extra"]
[Source "ChessBase"]
[SourceDate "2008.09.01"]
[SourceVersion "1"]
[SourceVersionDate "2008.09.01"]
[SourceQuality "1"]

1. e4 e5 2. Nf3 Nc6 3. Bb5 Nf6 4. d3 Bc5 5. Bxc6 dxc6 6. Be3 Qe7 7. Nc3 0-0 8. h3 Nh5 9. Bxc5 Qxc5 10. 0-0 Nf4 11. Qd2 f6 12. Qe3 Qe7 13. d4 Be6 14. Rfd1 Rad8 15. Rd2 Rd7 16. Rad1 b6 17. Ne2 Ng6 18. Qc3 Rd6 19. dxe5 fxe5 20. Nxe5 Rxd2 21. Rxd2 Qf6 22. Ng4 Qg5 23. Qe3 Qh4 24. Qg3 Qe7 25. Ne5 Bxa2 26. Nxg6 hxg6 27. Qxg6 Bf7 28. Qxc6 Be6 29. Rd3 Rf6 30. e5 Rh6 31. Qa8+ Kh7 32. Qe4+ g6 33. Nd4 Bc4 34. Rc3 Rh4 35. f4 b5 36. Nf3 Rh5 37. b3 Be6 38. Ng5+ 1-0

[Event "Kavala Kleisto"]
[Site "Kavala"]
[Date "2008.03.22"]
[Round "?"]
[White "Dagkakis, Panagiotis"]
[Black "Schmuecker, Marcus"]
[Result "1/2-1/2"]
[WhiteElo "2240"]
[BlackElo "2233"]
[PlyCount "26"]
[EventDate "2008.03.21"]
[EventType "tourn"]
[EventRounds "7"]
[EventCountry "GRE"]
[SourceTitle "EXT 2010"]
[Source "ChessBase"]
[SourceDate "2010.11.25"]
[SourceVersion "1"]
[SourceVersionDate "2010.11.25"]
[SourceQuality "1"]

1. e4 d5 2. exd5 Qxd5 3. Nc3 Qd6 4. d4 Nf6 5. Nf3 a6 6. Be2 Bg4 7. 0-0 Nc6 8. Be3 e6 9. Qd2 Be7 10. Rfe1 Rd8 11. Rad1 Bh5 12. Bf4 Qd7 13. Ne5 Qxd4 1/2-1/2

[Event "Ambelokipi op 75th"]
[Site "Athens"]
[Date "2007.01.31"]
[Round "6"]
[White "Dagkakis, Panagiotis"]
[Black "Poteas, Ioannis"]
[Result "1/2-1/2"]
[WhiteElo "2245"]
[BlackElo "2163"]
[PlyCount "78"]
[EventDate "2007.01.13"]
[EventType "swiss"]
[EventRounds "7"]
[EventCountry "GRE"]
[SourceTitle "CBM 116 Extra"]
[Source "ChessBase"]
[SourceDate "2007.03.07"]
[SourceVersion "1"]
[SourceVersionDate "2007.03.07"]
[SourceQuality "1"]

1. e4 e6 2. d4 d5 3. Nc3 dxe4 4. Nxe4 Nd7 5. Nf3 Be7 6. Bd3 b6 7. Nfg5 Ndf6 8. Qf3 Rb8 9. Qg3 h6 10. Nxe6 Bxe6 11. Qxg7 Nxe4 12. Qxh8 Nef6 13. Bxh6 Qd5 14. Be3 b5 15. 0-0 Kd7 16. a4 a6 17. axb5 axb5 18. f3 Bf5 19. Rad1 Bd6 20. Qh4 Re8 21. Rfe1 Bxd3 22. Rxd3 Qh5 23. Qxh5 Nxh5 24. Rdd1 Ne7 25. g4 Nd5 26. gxh5 Nxe3 27. Rd2 Rg8+ 28. Kf2 Nd5 29. Rg1 Rh8 30. Rg7 Rxh5 31. Rxf7+ Ke6 32. Rg7 Kf6 33. Rg4 Rxh2+ 34. Rg2 Rh8 35. Rg4 Nf4 36. Ke3 Re8+ 37. Kf2 Rh8 38. Ke3 Re8+ 39. Kf2 Rh8 1/2-1/2

[Event "Ambelokipi op 75th"]
[Site "Athens"]
[Date "2007.01.24"]
[Round "4"]
[White "Dagkakis, Panagiotis"]
[Black "Ponirakis, Dimitrios"]
[Result "1/2-1/2"]
[WhiteElo "2245"]
[BlackElo "2027"]
[PlyCount "94"]
[EventDate "2007.01.13"]
[EventType "swiss"]
[EventRounds "7"]
[EventCountry "GRE"]
[SourceTitle "CBM 116 Extra"]
[Source "ChessBase"]
[SourceDate "2007.03.07"]
[SourceVersion "1"]
[SourceVersionDate "2007.03.07"]
[SourceQuality "1"]

1. e4 e5 2. Nf3 Nc6 3. Bb5 a6 4. Ba4 Nf6 5. d3 b5 6. Bb3 Bb7 7. 0-0 Bc5 8. Nc3 d6 9. a4 b4 10. Nd5 h6 11. a5 Nd4 12. Nxd4 Bxd4 13. Nxb4 0-0 14. c3 Bc5 15. Nd5 Nxd5 16. Bxd5 c6 17. Ba2 d5 18. Qe2 Re8 19. Be3 d4 20. Bd2 Bc8 21. Kh1 Be6 22. Bxe6 Rxe6 23. f4 exf4 24. Bxf4 Qd7 25. Qh5 Ba7 26. c4 Bb8 27. b4 Bxf4 28. Rxf4 Rb8 29. Raf1 f6 30. Qg4 Rxb4 31. e5 Re7 32. exf6 Qxg4 33. Rxg4 Rf7 34. Rxd4 Rxf6 35. Kg1 Rg6 36. g3 Ra4 37. Rf5 Ra2 38. Rdf4 Rd6 39. d4 Rd2 40. Rf8+ Kh7 41. Ra8 Re6 42. Rf2 Rxd4 43. Rxa6 Rxc4 44. Ra2 Ree4 45. Rb6 Ra4 46. Rbb2 Reb4 47. Rc2 Rc4 1/2-1/2

[Event "Athens Acropolis op"]
[Site "Athens"]
[Date "2006.08.15"]
[Round "3"]
[White "Dagkakis, Panagiotis"]
[Black "Kharlampidi, Tengiz"]
[Result "1-0"]
[WhiteElo "2267"]
[BlackElo "2181"]
[PlyCount "139"]
[EventDate "2006.08.13"]
[EventType "swiss"]
[EventRounds "9"]
[EventCountry "GRE"]
[SourceTitle "CBM 113 Extra"]
[Source "ChessBase"]
[SourceDate "2006.09.14"]
[SourceVersion "1"]
[SourceVersionDate "2006.09.14"]
[SourceQuality "1"]

1. Nf3 c5 2. g3 Nc6 3. Bg2 g6 4. 0-0 Bg7 5. c4 Nf6 6. d4 cxd4 7. Nxd4 Qb6 8. Nb3 0-0 9. Nc3 d6 10. Bg5 Be6 11. Nd5 Bxd5 12. cxd5 Ne5 13. Be3 Qa6 14. Bd4 Nc4 15. e4 h5 16. Qe2 Rac8 17. Rfc1 Bh6 18. f4 Bg7 19. a4 Ng4 20. Rc3 Bxd4+ 21. Nxd4 b5 22. h3 Qb6 23. Rd1 Nge3 24. a5 Qxa5 25. Rxe3 Nxe3 26. Qxe3 Qb6 27. Qf2 Rc7 28. Nc6 Qxf2+ 29. Kxf2 e6 30. Ra1 exd5 31. exd5 Ra8 32. Ra6 Re8 33. Rxa7 Rxa7 34. Nxa7 Rb8 35. b4 Kf8 36. Bf1 Ra8 37. Nxb5 Ra2+ 38. Kf3 Rb2 39. Nxd6 Rxb4 40. Nc4 Rb3+ 41. Kf2 Ke7 42. d6+ Ke6 43. Ne5 Kxd6 44. Nxf7+ Ke7 45. Ne5 Kf6 46. h4 Rb2+ 47. Kf3 Rb3+ 48. Bd3 Kg7 49. Kg2 Rb2+ 50. Kh3 Kh6 51. Bxg6 Re2 52. Bd3 Rf2 53. Be4 Rb2 54. Bf3 Ra2 55. g4 hxg4+ 56. Kxg4 Ra4 57. Kf5 Ra6 58. h5 Ra4 59. Nf7+ Kg7 60. Bd5 Kh7 61. h6 Kg8 62. Ne5+ Kh7 63. Kg5 Rd4 64. Bf7 Rd1 65. Bg6+ Kg8 66. h7+ Kg7 67. Nf7 Rg1+ 68. Kf5 Rxg6 69. h8Q+ Kxf7 70. Qh5 1-0

[Event "Athens Siaperas Memorial 2nd"]
[Site "Athens"]
[Date "2006.03.27"]
[Round "3"]
[White "Dagkakis, Panagiotis"]
[Black "Tsimboukidis, Anastasios"]
[Result "1-0"]
[WhiteElo "2236"]
[BlackElo "1940"]
[PlyCount "113"]
[EventDate "2006.02.18"]
[EventType "swiss"]
[EventRounds "5"]
[EventCountry "GRE"]
[SourceTitle "EXT 2024"]
[Source "ChessBase"]
[SourceDate "2023.10.10"]
[SourceVersion "1"]
[SourceVersionDate "2023.10.10"]
[SourceQuality "1"]

1. Nf3 d5 2. g3 Nf6 3. Bg2 Bg4 4. 0-0 Nbd7 5. d4 Bxf3 6. Bxf3 e5 7. c4 e4 8. Bg2 c6 9. Nc3 Be7 10. Qb3 Qb6 11. cxd5 cxd5 12. Nxd5 Qxb3 13. Nxf6+ Bxf6 14. axb3 Bxd4 15. Rd1 Bb6 16. Bxe4 Nc5 17. Bd5 Ke7 18. Be3 Rab8 19. b4 Na6 20. Bxb6 axb6 21. Rd4 Rhd8 22. Rad1 Rd7 23. Be4 Rxd4 24. Rxd4 h6 25. f4 Nc7 26. Kf2 Nb5 27. Rd2 Nd6 28. Bd5 Rc8 29. e4 Rc7 30. e5 Ne8 31. Ke3 f6 32. Ke4 Kf8 33. Bb3 g6 34. g4 Ke7 35. Rc2 Rd7 36. Ba4 Rc7 37. Rxc7+ Nxc7 38. Bb3 Na6 39. Bd5 Nxb4 40. Bxb7 fxe5 41. fxe5 Ke6 42. h4 Nc2 43. Bd5+ Ke7 44. Bg8 Nb4 45. Bd5 Na6 46. Kd4 Nc5 47. Be4 Ne6+ 48. Ke3 g5 49. h5 Nc5 50. Bf5 Na4 51. b4 Nc3 52. Kd4 Ne2+ 53. Kd5 Kd8 54. Ke6 Nd4+ 55. Kf6 Nc6 56. e6 Nxb4 57. e7+ 1-0